| 000 | 02399nam a2200349 a 4500 | ||
|---|---|---|---|
| 008 | 140630c20049999||||||||||||||||| || u | ||
| 020 | _a0072557559 | ||
| 050 | _aCD/HG 4026 Bre | ||
| 100 | _aMarcus, Alan J | ||
| 245 | 1 | 0 |
_aFundamentals of corporate finance. -- 4th ed. _cRichard A. Brealey, Stewart C. Myers, Alan J. Marcus _h[cd-rom] |
| 246 | _aStudent CD-ROM for use with Fundamentals of corporate finance. -- 4th ed. | ||
| 250 | _a4th ed. | ||
| 260 |
_aBoston _bMcGraw-Hill/Irwin _c2004 |
||
| 300 | _a4 3/4inches | ||
| 500 | _aaccompanies a textbook available in the main collection | ||
| 650 | _aCORPORATIONS--FINANCE | ||
| 650 | 0 | _aFINANCE--DEVELOPING COUNTRIES | |
| 700 | _aBrealey, Richard A | ||
| 700 | _aMyers, Stewart C | ||
| 995 |
_ae-RESOURCES _e20140046 _FCBU-MAIN LIBRARY (Kitwe) _jCD/HG 4026 Bre _M1 _UAVAILABLE _WJun 30, 2014 _y20140046 _Ze-Media Collection |
||
| 995 |
_ae-RESOURCES _e20140213 _FCBU-MAIN LIBRARY (Kitwe) _jCD/HG 4026 Bre _M5 _UAVAILABLE _WApr 20, 2016 _y20140213 _Ze-Media Collection |
||
| 995 |
_ae-RESOURCES _e20140211 _FCBU-MAIN LIBRARY (Kitwe) _jCD/HG 4026 Bre _M7 _UAVAILABLE _WApr 25, 2016 _y20140211 _Ze-Media Collection |
||
| 995 |
_ae-RESOURCES _e20142026 _FCBU-MAIN LIBRARY (Kitwe) _jCD/HG 4026 Bre _M9 _UAVAILABLE _WJun 28, 2016 _y20142026 _Ze-Media Collection |
||
| 995 |
_ae-RESOURCES _e20141134 _FCBU-MAIN LIBRARY (Kitwe) _jCD/HG 4026 Bre _M4 _UAVAILABLE _WMar 29, 2016 _y20141134 _Ze-Media Collection |
||
| 995 |
_ae-RESOURCES _e20141022 _FCBU-MAIN LIBRARY (Kitwe) _jCD/HG 4026 Bre _M6 _UAVAILABLE _WApr 21, 2016 _y20141022 _Ze-Media Collection |
||
| 995 |
_ae-RESOURCES _e20142025 _FCBU-MAIN LIBRARY (Kitwe) _jCD/HG 4026 Bre _M10 _UAVAILABLE _WJun 28, 2016 _y20142025 _Ze-Media Collection |
||
| 995 |
_ae-RESOURCES _e20142022 _FCBU-MAIN LIBRARY (Kitwe) _jCD/HG 4026 Bre _M9 _UAVAILABLE _WJul 13, 2016 _y20142022 _Ze-Media Collection |
||
| 995 |
_ae-RESOURCES _e20140143 _FCBU-MAIN LIBRARY (Kitwe) _jCD/HG 4026 Bre _M2 _UAVAILABLE _WAug 27, 2014 _y20140143 _Ze-Media Collection |
||
| 995 |
_ae-RESOURCES _e20141138 _FCBU-MAIN LIBRARY (Kitwe) _jCD/HG 4026 Bre _M3 _UAVAILABLE _WFeb 17, 2016 _y20141138 _Ze-Media Collection |
||
| 995 |
_ae-RESOURCES _e20142015 _FCBU-MAIN LIBRARY (Kitwe) _jCD/HG 4026 Bre _M8 _UAVAILABLE _WJun 23, 2016 _y20142015 _Ze-Media Collection |
||
| 995 |
_ae-RESOURCES _e20142024 _FCBU-MAIN LIBRARY (Kitwe) _jCD/HG 4026 Bre _M12 _UAVAILABLE _WAug 17, 2016 _y20142024 _Ze-Media Collection |
||
| 999 |
_c63339 _d63339 |
||